| 000 | 00917 a2200241 4500 | ||
|---|---|---|---|
| 020 | _a038798528X | ||
| 020 | _a9780387985282 | ||
| 082 | 0 | 4 | _a620.11015118 |
| 090 |
_c537 _d537 |
||
| 100 | _aGolden, Kenneth M. | ||
| 245 | 1 | 0 |
_aMathematics of multiscale materials / _cKenneth M. Golden, Geoffrey R. Grimmett, Richard D. James, Graeme W. Milton, Pabitra N. Sen. |
| 260 |
_a[S.l.] : _bSpringer, _c1998. |
||
| 300 |
_a290 p. ; _c24 cm. |
||
| 490 | 1 | _aThe ima volumes in mathematics and its applications. | |
| 700 | 1 | _aGolden, Kenneth M. | |
| 700 | 1 | _aGrimmett, Geoffrey R. | |
| 700 | 1 | _aJames, Richard D. | |
| 700 | 1 | _aMilton, Graeme W. | |
| 700 | 1 | _aSen, Pabitra N. | |
| 830 | 4 | _aThe ima volumes in mathematics and its applications. | |
| 942 |
_aSNS _cBK _k620.11015118 GOL |
||
| 999 |
_c29167 _d29167 |
||